=LDR 00000nam 2200000 4500 =001 INLIS000000000005811 =005 20200319092635 =035 ##$$a 0010-061300000005811 =008 200319################g##########0#ind## =041 ##$$a Ind =082 ##$$a 240 =090 ##$$a 240, Kel p =245 1#$$a Panduan hidup dan cinta muda mudi katolik/George A. Kelly /$c George A. Kelly =260 ##$$a Yogyakarta,$c 1991 =650 #4$$a Agama Kristen-Katoli =850 ##$$a NBPNMAT =020 ##$$a 979-413-776-6 =084 ##$$a 240 KEL p =100 #$$a Kelly, george a =300 ##$$a 196 hlm ; $c 12,5 x 20 cm =990 ##$$a 72.849 =990 ##$$a 72.849